Bucs NFL - Statistics

General Stats
  • This quiz has been taken 18 times
    13 since last reset
  • The average score is 10 of 16
Answer Stats
Hint Answer % Correct
QB who won a SB in his first season here Tom Brady
100%
Wideout who tied a 1000 yd. record Mike Evans
91%
Year of the first Bucs SB Win 2003
82%
Ran off the field midgame against the Jets Antonio Brown
82%
Current D-Lineman who weighs 340+ Vita Vea
82%
QB who won our first SB Brad Johnson
64%
Won DPOY in '02 Derrick Brooks
64%
Wr drafted in 2025 19th from OSU Emeka Egbuka
64%
Head Coach who won our first SB John Gruden
64%
Record for most Bucs Def. TDs Ronde Barber
64%
Player who taunted Tyreek in SB LV Antoine Winfield Jr.
55%
4th Rd. RB from Oregon in 2024 Bucky Irving
55%
Nicknamed the A-Train Mike Alstott
55%
Won DPOY in '79 Lee Roy Selmon
45%
Nicknamed Playoff Lenny Leonard Fournette
45%
1st Overall pick of the 2015 draft from FSU Jamies Winston
36%
No matching quizzes found
Score Distribution
Percent of People with Each Score
Percentile by Number Answered
Your Score History
You have not taken this quiz since the last reset